|
|
|
|
| LEADER |
02676nam a2200685 i 4500 |
| 001 |
nkc20182977925 |
| 003 |
CZ PrNK |
| 005 |
20180727084056.0 |
| 007 |
ta |
| 008 |
180205s2018 xr acg f 001 0 cze |
| 015 |
|
|
|a cnb002977925
|
| 020 |
|
|
|a 978-80-7429-976-6
|q (vázáno) :
|c Kč 499,00
|
| 035 |
|
|
|a (OCoLC)1043870102
|
| 040 |
|
|
|a OLA001
|b cze
|e rda
|
| 041 |
1 |
|
|a cze
|h eng
|
| 043 |
|
|
|a e-xr---
|a e-gx---
|
| 045 |
|
|
|a v1v4
|
| 072 |
|
7 |
|a 78
|x Hudba
|2 Konspekt
|9 9
|
| 080 |
|
|
|a 78.071.1
|2 MRF
|
| 080 |
|
|
|a 78.034.7
|2 MRF
|
| 080 |
|
|
|a 27-535
|2 MRF
|
| 080 |
|
|
|a 394:929.7
|2 MRF
|
| 080 |
|
|
|a 78-027.22
|2 MRF
|
| 080 |
|
|
|a (437.3)
|2 MRF
|
| 080 |
|
|
|a (430.246)
|2 MRF
|
| 080 |
|
|
|a (048.8)
|2 MRF
|
| 100 |
1 |
|
|a Stockigt, Janice B.
|7 jx20111216039
|4 aut
|
| 240 |
1 |
0 |
|a Jan Dismas Zelenka.
|l Česky
|
| 245 |
1 |
0 |
|a Jan Dismas Zelenka :
|b (1679-1745) : český hudebník na drážďanském dvoře /
|c Janice B. Stockigt ; z anglického originálu Jan Dismas Zelenka ... přeložila Vlasta Hesounová
|
| 250 |
|
|
|a Vydání první
|
| 264 |
|
1 |
|a Praha :
|b Vyšehrad,
|c 2018
|
| 300 |
|
|
|a 404 stran :
|b ilustrace, portréty, noty ;
|c 25 cm
|
| 336 |
|
|
|a text
|b txt
|2 rdacontent
|
| 337 |
|
|
|a bez média
|b n
|2 rdamedia
|
| 338 |
|
|
|a svazek
|b nc
|2 rdacarrier
|
| 504 |
|
|
|a Obsahuje bibliografii, bibliografické odkazy a rejstříky
|
| 600 |
1 |
7 |
|a Zelenka, Jan Dismas,
|d 1679-1745
|7 jn19990010036
|2 czenas
|
| 648 |
|
7 |
|a 18. století
|7 ch460556
|2 czenas
|
| 648 |
|
4 |
|a 1719-1745
|
| 650 |
0 |
7 |
|a hudební skladatelé
|7 ph120923
|z Česko
|y 18. století
|2 czenas
|
| 650 |
0 |
7 |
|a barokní hudba
|7 ph118767
|z Česko
|2 czenas
|
| 650 |
0 |
7 |
|a duchovní hudba
|7 ph114372
|z Česko
|y 18. století
|2 czenas
|
| 650 |
0 |
7 |
|a dvorská kultura
|7 ph119654
|z Německo
|y 18. století
|2 czenas
|
| 650 |
0 |
7 |
|a hudební život
|7 ph135177
|z Německo
|y 18. století
|2 czenas
|
| 650 |
0 |
9 |
|a composers
|z Czechia
|y 18th century
|2 eczenas
|
| 650 |
0 |
9 |
|a baroque music
|z Czechia
|2 eczenas
|
| 650 |
0 |
9 |
|a sacred music
|z Czechia
|y 18th century
|2 eczenas
|
| 650 |
0 |
9 |
|a courtly culture
|z Germany
|y 18th century
|2 eczenas
|
| 650 |
0 |
9 |
|a musical life
|z Germany
|y 18th century
|2 eczenas
|
| 651 |
|
7 |
|a Drážďany (Německo)
|7 ge129086
|2 czenas
|
| 651 |
|
9 |
|a Dresden (Germany)
|2 eczenas
|
| 655 |
|
7 |
|a monografie
|7 fd132842
|2 czenas
|
| 655 |
|
9 |
|a monographs
|2 eczenas
|
| 700 |
1 |
|
|a Hesounová, Vlasta,
|d 1945-
|7 jn20010309658
|4 trl
|
| 910 |
2 |
|
|a BOA001
|b 2-1409.739
|
| 990 |
|
|
|a BK
|
| 995 |
|
|
|a 01
|
| 991 |
|
|
|b 201806
|c NOV
|
| 996 |
6 |
|
|b 2610745536
|c 2-1409.739
|l MZK
|r Sklad / do 1 hodiny
|n 2
|p p.v.
|w 001668235
|u 000010
|a 1
|e BOA001
|j MZK50
|s P
|
| 996 |
7 |
|
|b 2610750071
|c 2-1409.739
|l MZK
|r Sklad / do 1 hodiny
|n 8
|p kup
|w 001668235
|u 000020
|a 1
|e BOA001
|j MZK50
|s A
|